[Event "Czerniak Memorial 12th"]
[Site "Tel Aviv"]
[Date "1996.??.??"]
[Round "10"]
[White "Kaspi, Alexander"]
[Black "Har Zvi, Ronen"]
[Result "1-0"]
[WhiteElo "2475"]
[BlackElo "2510"]
[Annotator "Hazai,L"]
[PlyCount "67"]
[EventDate "1996.04.??"]
[EventType "tourn"]
[EventRounds "11"]
[EventCountry "ISR"]
[EventCategory "9"]
[SourceTitle "CBM 053"]
[Source "ChessBase"]
[SourceDate "1996.08.01"]
[SourceVersion "1"]
[SourceVersionDate "1996.08.01"]
[SourceQuality "1"]

1. c4 {Bykhovsky,Av} Nf6 2. Nc3 g6 3. d4 Bg7 4. e4 d6 5. f3 O-O 6. Be3 c5 7.
Nge2 Nc6 8. d5 Ne5 9. Ng3 e6 10. Be2 exd5 11. cxd5 h5 12. O-O a6 13. a4 (13.
Qd2 $5 b5 14. Bh6) 13... Nh7 14. Qd2 h4 15. Nh1 f5 16. Nf2 fxe4 $6 {This move
activates the passive N on f2.} (16... Re8 $5) (16... Qf6 $5) (16... Re8 $5 {
Bykhovsky,A} 17. Kh1 Rb8 18. Rg1 Kh8 19. g3 b5 $13 {Vyzmanavin,A-Georgiev,Kir/
Groningen/1993/1:0/41/}) 17. Nfxe4 {N/} (17. Ncxe4 Bf5 18. g4 (18. Bh6 {
Bykhovsky,A} Qe7 19. Bxg7 Kxg7 20. f4 Nd7 21. Bf3 Ndf6 22. Rae1 $14 {Janov,
V-Tatay,F/Cordoba/1990/0,5/34/}) 18... hxg3 19. hxg3 Nf6 20. Ng5 $14) 17... Bf5
18. Bh6 (18. Rab1 $5 {/\ b4}) 18... Rb8 (18... Qe7 19. Bxg7 Kxg7 20. f4 Nd7 21.
Bf3 Ndf6 22. Rae1 $14 {O.Jacobsen-Sznapik, Copenhagen op 1990}) 19. Bxg7 Kxg7
20. f4 Nf7 21. Nf2 {/\g4/} Nf6 22. Bf3 (22. g4) 22... Qa5 (22... Re8) (22...
Qd7 {Bykhovsky,A /\b5 /}) 23. Rfe1 Rfe8 24. g4 hxg3 25. hxg3 Nh6 26. Nce4 Qxd2
27. Nxd2 Bd7 (27... Rxe1+ $1 {Bykhovsky,A} 28. Rxe1 b5 $132) (27... b5 $5 {
Bykhovsky,A}) 28. Nde4 Nxe4 29. Nxe4 Nf5 30. Kf2 Rf8 (30... b5 {Bykhovsky,A}
31. g4 $16) 31. Bg4 $16 Rbd8 32. Ng5 Rde8 (32... b6 {Bykhovsky,A} 33. Bxf5 $1 {
/\Re7/}) 33. a5 Kg8 (33... Rxe1 {Bykhovsky,A} 34. Rxe1 Re8 35. Rh1 $18) 34. Rh1
1-0

[Event "ROM-ch"]
[Site "Bucharest"]
[Date "1998.12.12"]
[Round "5"]
[White "Grigore, George Gabriel"]
[Black "Florean, Andrei"]
[Result "1-0"]
[WhiteElo "2475"]
[BlackElo "2450"]
[Annotator "Hazai,L"]
[PlyCount "85"]
[EventDate "1998.12.08"]
[EventType "tourn"]
[EventRounds "15"]
[EventCountry "ROU"]
[EventCategory "9"]
[SourceTitle "CBM 069"]
[Source "ChessBase"]
[SourceDate "1999.04.01"]
[SourceVersion "1"]
[SourceVersionDate "1999.04.01"]
[SourceQuality "1"]

1. d4 Nf6 2. c4 c5 3. d5 d6 4. Nc3 g6 5. e4 Bg7 6. h3 O-O 7. Bd3 e6 8. Bg5 (8.
Nf3 exd5 9. exd5 {is supposed to be the main line with small, but durable
advantage for White, where Black cannot find an active counterplay.}) 8... exd5
9. cxd5 {We get a Benoni position with h3 and Bd3, but the B doesn't belong to
g5.} Re8 10. Nf3 Na6 (10... c4 {is the main reply here with Nc5.} 11. Bc2 b5 {
/\ b4} 12. a3 Bd7 $1 (12... Na6 {- Volzhin-Poluliakhov, Volgograd 1994 CBM 41.}
) (12... Nbd7 13. O-O a6 14. Re1 Bb7 {If a B has to develope this way there is
something wrong with the set-up in the Benoni.} 15. Qd2 Qb6 16. Bh6 (16. Be3 {
- Yermolinsky-Marin Tilburg 1994 CBM 44}) 16... Ne5 17. Nh2 $14 {-
Poluliakhov-Petrushin, Cerkesk 1997}) (12... a6 13. O-O Nbd7 {- 12...Nbd7}) 13.
O-O a5 14. Nd4 {Rogozhenko-Marin, Odorheiu Secuiesc 1993 CBM 36.} (14. Re1 Na6
(14... Qc8 $6 {is a very passive idea to escape from the pin.} 15. Nd4 Qb7 16.
Qf3 {Here we see the the problems connected with a B on d7, which is the
natural place for the N.} Nh5 17. Nf5 $1 Bxf5 18. exf5 Rxe1+ 19. Rxe1 Be5 20.
g4 $16 {Dumitrache-Popa, Romania (chT) 1997}) 15. e5 {Here this breakthrough
is not well-prepared.} dxe5 16. Nxe5 b4 17. axb4 axb4 18. Nxd7 Rxe1+ 19. Qxe1
Qxd7 20. Ne4 Nxd5 $17 {Istratescu-Florean, Romania 1998})) 11. O-O h6 12. Bf4 (
12. Be3 $5 c4 13. Bc2 b5 14. a3 $14 {looks also better for White comparing the
previous lines, where White goes back deliberately to e3 with his B.}) 12... c4
13. Bc2 b5 14. a3 Qb6 15. Qd2 h5 {another weakening move is forced.} 16. Rfe1
Nc5 17. Bh6 a5 18. e5 $1 {This typical central breakthrough is White's
dangerous weapon in these types of position.} dxe5 19. Nxe5 Bf5 {Black wants
to fish in troubled waters, but the punishment will not wait any longer.} 20.
Bxf5 Nb3 21. Qf4 Nxa1 22. Bxg7 Kxg7 23. Rxa1 b4 (23... gxf5 24. Qg5+ Kf8 25.
Qh6+ Kg8 26. Nc6 $16) 24. Na4 Qb8 {[#]} 25. Be6 $1 $18 {This nice move breaks
down the last defensive lines.} Ra7 (25... fxe6 26. Qg5) 26. Qd4 Rb7 (26...
fxe6 27. Nc6 $18) 27. Nxf7 bxa3 (27... Rxf7 28. Bxf7 Kxf7 29. Qxc4) 28. bxa3
Rxf7 29. Bxf7 Kxf7 30. Qxc4 {The rest is pure technique.} Re4 31. Qc6 Qe5 32.
Nc3 Re1+ 33. Rxe1 Qxe1+ 34. Kh2 Qxf2 35. Qe6+ Kg7 36. Qe5 Kf7 37. Ne4 Nxe4 38.
Qxe4 Qc5 39. Qe6+ Kg7 40. Qe5+ Kf8 41. Qf6+ Ke8 42. Qxg6+ Ke7 43. Qe6+ 1-0

[Event "Capablanca Memorial Elite 34th"]
[Site "Havana"]
[Date "1999.05.19"]
[Round "11"]
[White "Morovic Fernandez, Ivan"]
[Black "De la Paz Perdomo, Frank"]
[Result "1-0"]
[WhiteElo "2610"]
[BlackElo "2495"]
[Annotator "Hazai,L"]
[PlyCount "83"]
[EventDate "1999.05.??"]
[EventType "tourn"]
[EventRounds "13"]
[EventCountry "CUB"]
[EventCategory "12"]
[SourceTitle "CBM 071"]
[Source "ChessBase"]
[SourceDate "1999.08.01"]
[SourceVersion "1"]
[SourceVersionDate "1999.08.01"]
[SourceQuality "1"]

1. d4 {Meulders} Nf6 2. c4 g6 3. Nc3 Bg7 4. e4 d6 5. f3 O-O 6. Bg5 c5 7. d5 a6
(7... h6 8. Be3 e6 9. Qd2 exd5 10. cxd5 h5 $5 {is one of the best
continuations here according to nowadays' theory.}) 8. Qd2 {Ignoring the
Benko-type of P sacrifice b7-b5.} e6 {Black has changed his mind.} 9. Nge2 (9.
a4 exd5 10. cxd5 {doesn't allow the advance on the << b7-b5.}) 9... exd5 10.
cxd5 b5 11. Ng3 {White doesn't care of b7-b5 hoping for undermining Black's
pawns by a well-prepared a2-a4, after which the >< c4 may become weak.} (11. a4
{Meulders} b4 12. Nd1 h6 13. Be3 ({Hier ist} 13. Bxh6 {natürlich schlecht,
weil Weiß auf e4 nicht mit einem Springer schlagen kann.} Nxe4 14. fxe4 Qh4+
15. g3 Qxh6 16. Qxh6 Bxh6 $15) 13... Nbd7 14. Rc1 Nh7 15. Nf2 Qh4 16. Nf4 Ne5
17. Be2 $11 {1/2-1/2 Galliamova Ivanchuk,A-Peng,Z/Tilburg 1994/CBM 43 ext (41)}
) 11... Re8 (11... Nbd7 12. Be2 Re8 {- 11...Re8} (12... c4 13. O-O Nc5 (13...
Rb8 {Meulders} 14. b4 cxb3 15. axb3 Nc5 16. Rfb1 Qc7 17. b4 $16 {1-0 Vasiukov,
E-Oll,L/Ivano Frankovsk 1982/EXT 99 (32)}) (13... Qc7 14. Bh6 Re8 15. Bxg7 {
1/2-1/2 Sadler,M-Kotronias,V/Gausdal 1994/EXT 97 (15)}) 14. Kh1 Bd7 (14... Re8
15. Rab1 $1 {/\ b4 L.Portisch-Damljanovic, Moscow olm 1994 CBM 45}) 15. Bh6 {
If White cannot destabilize Black's P structure on the <<, his only chances
lie on the >> and in the [+].} Bxh6 16. Qxh6 Qe7 {If f4-e5 cannot come in time,
Black has nothing to fear.} 17. Rfe1 Rfe8 18. Bf1 Rac8 19. Rac1 a5 20. Qd2 h5 {
'=/+' Meulders. Meulders: '1/2-1/2 Dreev,A-Van Wely,L/London 1996/CBM 55 (27)'}
21. Kg1 h4 22. Nh1 Nh5 $13 {Dreev-Van Wely, EU Cup London 1996}) (12... Qb6 13.
O-O Bb7 14. Be3 Qa5 15. Bh6 c4 16. Bxg7 Kxg7 17. Bd1 Rac8 18. Bc2 h6 19. Kh1
Rfe8 20. a3 Qb6 21. Nce2 $14 {1.10-1.47. 1-0 Rivera,A-Hernandez,T/Capablanca
mem-D 1993/EXT 97 (26)}) (12... Nb6 13. b3 b4 14. Nd1 h6 15. Bxh6 Nxe4 16. fxe4
Bxa1 17. Bxf8 Qxf8 $15 {0-1 Allen,A-Rogers,I/Sun Coast 1998/EXT 99 (26)})) (
11... b4 {Meulders} 12. Nd1 Bb7 13. Be2 Nbd7 14. O-O Ne5 15. Rc1 Re8 16. b3 Qe7
17. Nf2 Rad8 18. Rfe1 Qf8 19. Qf4 Nxd5 20. exd5 f6 21. Bh4 g5 22. Bxg5 Ng6 23.
Qg4 fxg5 24. Bd3 $14 {0-1 Comp Comet-Comp Zeus/Jakarta 1996/EXT 98 (44)}) 12.
Be2 h5 $6 (12... Nbd7 13. O-O Qe7 (13... Qb6 14. Kh1 h5 {/\ Nh7} 15. Rfe1 Ne5
16. h3 {/\ f4} Nh7 17. Be3 b4 18. Nd1 h4 {'=/+' Meulders. Meulders: '1-0
Portisch,L-Sherzer,A/HUN-chT1 1995/EXT 97 (42)'} 19. Nf1 f5 {The White pieces
are pushed back, but Black cannot hold his active position in the [+], and he
himself has to retreat soon.} 20. Nf2 a5 21. Rac1 Ra7 22. f4 Nf7 23. Bd3 fxe4
24. Nxe4 $16 {L.Portisch-Sherzer, HUN-chT 1983}) (13... Qa5 14. Kh1 h5) (13...
c4 {Meulders} 14. Kh1 (14. b4 cxb3 15. axb3 Bb7 16. b4 $14 {1/2-1/2 Begovac,
F-Gallagher,J/SWZ-chT 1995/CBM 49 ext (50)}) 14... Qc7 15. Bh6 Bh8 16. Rac1 Nc5
17. Nd1 Qb6 18. Rc2 a5 19. Nf2 a4 20. Rb1 Nfd7 21. Be3 h5 22. Bf1 $11 {0-1
Rajkovic,D-Cvitan,O/JUG-chT 1989/TD (38)}) 14. Bh6 (14. Rac1 {This appears to
be a bit slow.} Qf8 15. a4 b4 16. Nd1 {White hasn't got time for exploiting
the weakness on c4.} h6 17. Be3 h5 18. Re1 h4 19. Nf1 Nh7 20. Nf2 f5 21. Bd3
Ne5 $13 {Dao Thien-Leitao, Menorca 1996}) 14... Qf8 {needs further
investigation.} ({avoiding the exchange of the bishops led to a catastrophe
after} 14... Bh8 $4 15. Nf5 $18 {in Chernin-Yermolinsky, Groningen PCA 1993.}))
13. O-O Qa5 $6 (13... Qb6 {at least provokes some reactions on the threat of
the /^ g1-a7.}) 14. a4 $1 {This is the main idea of White weakening Black's <<.
} b4 15. Nd1 Nh7 16. Bf4 {>< d6} Qd8 (16... c4 $2 {runs ahead without
preparation:} 17. Rc1 $1 h4 18. Nh1 $18) (16... Qb6 $6 {is already a loss of a
tempo.} 17. a5 (17. Ne3 {disturbes the harmony of the White pieces and may
lead to a disaster after} Bd4 $1 18. Kh1 $4 Bxe3 19. Qxe3 h4 $19) 17... Qa7 18.
Be3) (16... h4 {at least would have driven the N to a less active position.}
17. Nh1 Qd8 18. Nhf2 f5) 17. Re1 {Vacating the f1 square for the N, after
which he is close to >< c4.} h4 18. Nf1 Qf6 $6 (18... h3 $1 19. g3 f5) 19. h3
$1 {securing the /^ h2-b8 for the B.} Nd7 20. Bh2 Ne5 $6 (20... g5 $1 {/\ Nhf8,
Ng6 was the best chance for a blockade on the dark squares.}) 21. Nf2 g5 22.
Ne3 {'+/=' Meulders. Meulders: 'Weiß kontrolliert die weiße Felder, sowohl am
Königs- als am Damenflügel. Schwarz verfügt nicht über das übliche Gegenspiel
am Damenflügel. Sein einziger Trumpf ist die absolute Kontrolle von e5.'} Nf8 {
Meulders: '/\...Ng6.' As usual, only one tempo is missing for Black, but that
is enough.} 23. Bxe5 $1 $16 {Meulders: 'Bevor der zweite Springer die
Besetzung von e5 übernehmen kann, sorgt Weiß dafür daß er mit Tempogewinn Nc4
spielen kann, selbst wenn er dafür seinen guten Läufer aufgibt.'  Now the
breakthrough in the [+] is inevitable.} Qxe5 24. Nc4 Qg3 {[#]} (24... Qf6 25.
e5 $1 {was White's main idea.} dxe5 26. Ne4 Qf4 27. Nxg5 $16) (24... Qe7 {
Meulders} 25. Nb6 Ra7 26. Nxc8 Rxc8 27. Ng4 {/\Ne3|^c4/f5}) 25. Nh1 $1 {
preparing for the final exchange sacrifice.} Bd4+ 26. Qxd4 $1 {This is the
point. Now the Pd6 falls.} Qxe1+ 27. Rxe1 cxd4 28. Nxd6 Rd8 29. Nc4 {Meulders:
'Jetzt wäre Nxc8 nicht gut, weil Schwarz die Kontrolle über die c-Linie
ergreifen würde.' It is not easy for Black to blockade White's central pwans.}
Nd7 (29... Rb8 $6 30. Nf2 $16 {/\ Nd3}) (29... a5 30. Nf2 Ba6 31. Ne5 $1 $16)
30. Nf2 (30. Rd1 $6 {is met by} Nc5 $1 31. a5 Nb3) 30... a5 {Meulders: '/\...
Ba6xc4'} ({Or} 30... Nc5 31. a5) 31. Nd2 {'!' Meulders.} Nc5 (31... Ne5 32. Nb3
$16) (31... Ba6 32. Bxa6 Rxa6 33. Rc1 $16 {conquering the c <->.}) 32. b3 {
'=' Meulders. Meulders: '/=+Der starke Mehrbauer d5 und seine Kontrolle über
die weiße Felder bieten Weiß ausreichende Kompensation für die Qualität'} Ba6 {
'!' Meulders.} 33. Bxa6 Nxa6 (33... Rxa6 34. Rc1 Nd7 35. Nd3 f6 36. Rc7 $16 {
/\ Nc4 and Black's rooks are doomed to passivity.}) 34. Nd3 Rac8 35. Nc4 {
Without opened lines the black rooks are worthless.} Kf8 (35... Nc5 36. Nxc5
Rxc5 37. Rd1 $18) 36. Kf2 {'?' Meulders. Meulders: 'Die weiße Figuren stehen
optimal, also geht der König an die Arbeit.Weiß hätte aber sofort auf die
schwarze Bauern losgehen müssen.' White can slowly but surely improve his
position without any counterplay for Black.} (36. Rd1 $1 {(Meulders) /\Ndb2,
Rxd4|+/-} Nc5 37. Nxc5 (37. Nxa5 $1 Nxd3 38. Rxd3 $18) 37... Rxc5 38. Rxd4 $14)
36... Rc7 37. Ke2 Rdc8 38. Kd2 $2 {White forgets about Black's tactical
possibilities.} (38. Rc1 {was good to prepare against the exchange sacrifice.}
Nc5 39. Nxc5 Rxc5 40. Kd3 $18) 38... Rd8 $2 {Meulders: 'Verpatzt seine Chance.
' This gives up the game without fight.} (38... Rxc4 $1 39. bxc4 Rxc4 {would
be the last chance for Black.} (39... Rxc4 {Meulders} 40. Ne5 Rc3 41. Nc6 (41.
d6 Nc5 42. d7 Ke7 43. Nxf7 Kxd7 44. Nxg5 b3 $19) 41... Nc5 42. Nxa5 Ra3 43. Rc1
Ra2+ 44. Kd1 (44. Rc2 b3 $19) 44... Nxa4 $19)) 39. Nxa5 $18 {Meulders: 'Jetzt
ist für Weiß natürlich alles in Ordnung.'} f6 40. Rc1 Rxc1 41. Kxc1 Rc8+ 42.
Nc4 {'+-' Meulders.} 1-0

[Event "Cancan Veterans-Women"]
[Site "Roquebrune"]
[Date "1998.09.07"]
[Round "1"]
[White "Kortschnoj, Viktor Lvovich"]
[Black "Xie, Jun"]
[Result "1-0"]
[WhiteElo "2625"]
[BlackElo "2510"]
[Annotator "Hazai,L"]
[PlyCount "89"]
[EventDate "1998.09.07"]
[EventType "schev"]
[EventRounds "12"]
[EventCountry "FRA"]
[SourceTitle "CBM 067"]
[Source "ChessBase"]
[SourceDate "1998.11.30"]
[SourceVersion "2"]
[SourceVersionDate "1998.11.01"]
[SourceQuality "1"]

1. d4 {Petursson. Kortschnoj} Nf6 2. c4 g6 3. Nc3 Bg7 4. e4 d6 5. f3 O-O 6.
Nge2 c5 7. d5 e6 8. Ng3 exd5 9. cxd5 h5 10. Be2 (10. Bg5 $5 {is suggested by
the theoreticians here.} a6 {Kortschnoj} (10... Qb6 11. Qb3 $14) 11. Be2 b5 12.
O-O $13) 10... h4 {Now White has to lose some tempi with his N.} 11. Nf1 Nh7 {
/\ f7-f5} 12. Be3 a6 13. a4 Nd7 14. Nd2 (14. h3 $6 {is slow here because of} f5
15. exf5 gxf5 16. Bf4 Ne5 17. Nd2 Ng6 18. Be3 Re8 19. Nc4 b6 {/\ Ra7 bringing
the R on the seventh rank.} 20. Qd2 Ra7 21. Kf1 Rae7 22. Bh6 {(L.Spasov--Belov,
Moscow 1985)} Bd4 $1 $17 {and there is no connection between the two white Rs.}
) (14. g4 $6 {is an overoptimistic try without finishing the development.} f5
15. gxf5 gxf5 16. exf5 (16. Nd2 $6 f4 17. Bf2 Ne5 $17 {with an ideally placed
blockading N on e5.}) (16. Rg1 f4 $15 {Danailov-Marin, Zaragoza 1992}) 16...
Ne5 17. Rg1 (17. f4 $6 Nf7 18. Qc2 Nh6 19. Bd3 Bxf5 20. a5 Bxd3 21. Qxd3 Nf5
$17) 17... Kh8 18. f4 Nf7 19. Bd3 Nh6 20. Rg6 Bxf5 21. Bxf5 Nxf5 {This
blockading N on f5 is the soul of the position.} 22. Qc2 Rf6 (22... Qa5 $5 23.
O-O-O b5 $40) 23. Rxf6 Qxf6 24. Qe4 Qf7 25. O-O-O Re8 26. Qf3 b5 $15 {
Thorsteins-Benjamin, Reykjavik 1990}) 14... f5 $1 15. exf5 {Kortschnoj: 15.g3!?
} (15. f4 $6 {weakens >< e4.} Re8 $1 16. O-O Bd4 $17) (15. O-O {allows Black
to get the space advantage on the >>.} f4 16. Bf2 Ne5 17. a5 Rf7 $15) 15...
gxf5 16. f4 {White has problems on the e <->.} Ndf6 {Kortschnoj: 16...h3 17.
0-0 hg 18.Tf2+/=,16...Te8!? /\ 17.Kf2 Ld4} (16... h3 17. O-O hxg2 18. Rf2 Re8
19. Nc4 Nb6 20. Qd2 Nxc4 21. Bxc4 Nf6 22. h3 Ne4 $13 {Cebalo-Mortensen,
Leningrad 1984}) (16... Qe7 17. Bf2 Re8 18. Nf3 h3 $1 19. gxh3 Ndf6 $1 20. Rg1
Ne4 21. Nxe4 fxe4 $17 {Av.Bykhovsky-Gleizerov, SU 1986}) 17. h3 (17. Nc4 {
allows the agressive} Ng4 18. Bg1 h3 19. g3 b6 $132 {/\ Ra7}) 17... Qe7 18. Kf2
(18. Nc4 {was an intersting alternative.}) 18... Re8 {'=' Kortschnoj.} (18...
Bd7 $5 19. a5 (19. Nc4 b5) 19... Rae8 20. Nc4 Bb5 $13) 19. Nc4 Rb8 (19... Bd7
20. a5 $1 (20. Qd2 b5 21. axb5 axb5 22. Rxa8 Rxa8 23. Nb6 b4 $1) 20... Bb5 21.
Qd2) 20. a5 b5 (20... Bd7 21. Re1 Bb5 22. Kf1) 21. axb6 Nd7 {This is not so
agressive here.} (21... Rxb6 $1 {looks very promising for Black:} 22. Nxb6 (22.
Re1 Rxb2) (22. Qd2 Rb4) (22. Ra2 $1 {Kortschnoj} Rb4 23. Re1 Ne4+ 24. Nxe4 Qxe4
25. b3 $1 Bc3 26. Bd2 $14) 22... Qxe3+ 23. Kf1 Qxf4+ 24. Bf3 Ne4 $44) 22. Re1
Nxb6 23. Kf1 {'!' Kortschnoj.} (23. Ra2 {Kortschnoj} Bd4 24. Bxd4 cxd4 25. Qxd4
Nxc4 26. Qxc4 Qe3+ 27. Kf1 Nf6 $40) 23... Nxc4 24. Bxc4 Rxb2 25. Qd3 $1 {
'©' Kortschnoj.} Nf6 $2 {'-/+' Petursson.} (25... Bd7 $2 26. Bxc5) (25... Kh8
$2 26. Bxc5) (25... Qf6 $5 {was the last chance to try.} 26. Nd1 $1 {Kortschnoj
} (26. Na4 $6 Rb4 {/\Bd7}) 26... Rb3 (26... Rxg2 27. Kxg2 Qxa1 28. Bd4 Rxe1 29.
Bxa1 Bxa1 30. Ne3 $14) (26... Rb4 27. Ra2 $44) 27. Qxb3 Qxa1 28. Bxc5 Rxe1+ 29.
Kxe1 dxc5 30. d6+ Kh8 31. Qb8 $11) 26. Na4 Rb8 {[#] '?!' Kortschnoj. '?'
Petursson.} (26... Rb4 27. Bxc5 $1 (27. Nxc5 $2 {Petursson} dxc5 28. d6+ Be6
29. dxe7 Bxc4 $19) (27. Bd2 Ne4 28. Bxb4 cxb4 29. Rab1 Qa7 $19)) (26... Ne4 $1
{Kortschnoj} 27. Nxb2 Bxb2 $44) 27. Nxc5 $1 $16 {Now suddenly White takes up
the initiative, and his pieces dominate the board! '!' Kortschnoj. '!'
Petursson.} Ne4 (27... dxc5 $4 28. d6+ $18) (27... Kh8 28. Nxa6 $1 (28. Bd4 Ne4
)) 28. Rac1 Bf6 29. Ne6 {After putting the N on e6 Black's position is devided
in two separate parts.  '+/-' Kortschnoj.} Kh8 30. Qd1 Qf7 31. Bd4 Ng3+ 32. Kg1
Bd7 33. Re3 Rbc8 {'?' Kortschnoj.} (33... Ne4 $142 {Kortschnoj}) 34. Ng5 {
'+-!' Kortschnoj.} Qg7 35. Bxf6 Qxf6 {[#]} 36. Rxg3 $1 $18 {The finish is also
pretty. '!' Petursson.} hxg3 37. Qh5+ Kg8 38. Qh7+ Kf8 39. Qxd7 {'+-'
Petursson.} Kg8 40. Qh7+ Kf8 41. Qd7 Kg8 42. Qh7+ Kf8 43. Ne6+ Rxe6 44. dxe6
Rxc4 45. e7+ $1 1-0

[Event "Politiken Cup 18th"]
[Site "Copenhagen"]
[Date "1996.??.??"]
[Round "8"]
[White "Antonsen, Mikkel"]
[Black "Tseshkovsky, Vitaly"]
[Result "1/2-1/2"]
[WhiteElo "2410"]
[BlackElo "2540"]
[Annotator "Hazai,L"]
[PlyCount "138"]
[EventDate "1996.06.??"]
[EventType "swiss"]
[EventRounds "11"]
[EventCountry "DEN"]
[SourceTitle "CBM 054"]
[Source "ChessBase"]
[SourceDate "1996.10.01"]
[SourceVersion "1"]
[SourceVersionDate "1996.10.01"]
[SourceQuality "1"]

1. d4 d6 2. e4 Nf6 3. f3 c5 4. d5 g6 5. c4 Bg7 6. Nc3 O-O 7. Nge2 e6 8. Ng3
exd5 9. cxd5 a6 10. a4 Nbd7 11. Be2 h5 12. Bg5 Qa5 (12... Qe8 13. Qd2) 13. Qd2
Re8 14. O-O c4 (14... Nh7) 15. Be3 Ne5 16. Nh1 {/\ Nf2,f4} Nfd7 17. f4 (17. Nf2
$1) 17... Nd3 (17... Ng4 $1 18. Bd4 (18. Bxg4 hxg4 19. e5 dxe5 20. f5 gxf5 21.
Rxf5 Nc5 22. Rg5 Nb3) 18... Bxd4+ 19. Qxd4 Qc5) 18. Bxd3 cxd3 19. Nf2 Nc5 20.
Bxc5 Qxc5 21. Kh1 Bd7 22. Rae1 (22. Nxd3 Qd4) 22... Rac8 23. e5 $1 dxe5 24.
Nxd3 Qa5 (24... Qd4 $2 25. Re4) 25. fxe5 Rxc3 $1 $8 26. Qxc3 Qxd5 27. Nf4 Qc6
28. Qxc6 Bxc6 29. e6 (29. b3 Bxe5 30. Nd3 $14) 29... fxe6 30. Rxe6 Rxe6 31.
Nxe6 Bxb2 32. Rf8+ Kh7 33. a5 Bc3 34. Rf7+ Kh6 35. Nd8 Bxa5 36. Nxc6 bxc6 37.
Rf6 Bb4 38. Rxc6 a5 $10 39. h4 Be7 40. g3 a4 41. Ra6 a3 42. Kg2 Kg7 43. Kf3 Kf7
44. Ke4 Bb4 45. Kd5 Kg7 46. Ke6 Bc3 47. Rxa3 Bd4 48. Rd3 Bb2 49. Rd7+ Kg8 50.
Kd5 Bc3 51. Ke4 Bf6 52. Kd5 Bc3 53. Ke6 Bb2 54. Rb7 Ba1 55. Ra7 Bb2 56. Ra2 Bc3
57. Rc2 Ba1 58. Rc1 Bb2 59. Rb1 Bc3 60. Rb3 Ba1 61. Rb7 Bc3 62. Rc7 Bb2 63. Kd5
Bf6 64. Ke4 Kf8 65. Kf4 Kg8 66. Rb7 Kf8 67. Rd7 Kg8 68. g4 hxg4 69. Kxg4 Kf8
1/2-1/2

[Event "USA-ch"]
[Site "Parsippany"]
[Date "1996.??.??"]
[Round "12"]
[White "Gulko, Boris F"]
[Black "Shaked, Tal"]
[Result "1-0"]
[WhiteElo "2615"]
[BlackElo "2440"]
[Annotator "Hazai,L"]
[PlyCount "99"]
[EventDate "1996.07.13"]
[EventType "tourn"]
[EventRounds "13"]
[EventCountry "USA"]
[EventCategory "12"]
[SourceTitle "CBM 055"]
[Source "ChessBase"]
[SourceDate "1996.12.01"]
[SourceVersion "1"]
[SourceVersionDate "1996.12.01"]
[SourceQuality "1"]

1. d4 Nf6 2. c4 g6 3. Nc3 Bg7 4. e4 d6 5. f3 O-O 6. Be3 c5 7. Nge2 Nc6 8. d5
Ne5 9. Ng3 e6 10. Be2 exd5 11. cxd5 a6 12. a4 h5 13. O-O Nh7 14. Qd2 h4 15. Nh1
f5 16. Nf2 b6 {Black is intending to bring the rook via a7 on the seventh rank,
defends c5 against a possible breakthrough f3-f4,e4-e5, and also avoids the
blockading move a4-a5.} (16... Re8 $5) (16... Qf6 $5) (16... Bd7 $5) 17. exf5
$1 {Now Black has to decide.} (17. Rab1 a5 {defending against b2-b4.} 18. f4 (
18. Rbe1) 18... Nf7 19. Rbe1 Ra7 20. Bd3 Re7 21. exf5 gxf5 22. Qc2 Rfe8 $10 {
Gulko-Chiong, Bern op 1992}) (17. Rae1 Ra7 18. f4 Nf7 19. exf5 gxf5 20. Nh3 Qf6
21. Bd3 Nh6 $13 {Novak-Michalek, Prague 1992}) 17... gxf5 (17... Bxf5 18. f4
Nf7 19. g4 hxg3 20. hxg3 {g4-g5 is threatening}) 18. Nh3 Ng6 19. Kh1 (19. Nf4
Nxf4 20. Bxf4 Bd4+ 21. Kh1 Qf6) 19... Qf6 (19... Re8 20. Nf4 $6 (20. Bc4) 20...
Rxe3 21. Qxe3 Bh6 22. g3 hxg3 23. hxg3 Bxf4 24. gxf4 Qh4+) 20. Nf4 Nxf4 21.
Bxf4 Ra7 22. Bc4 Re8 23. Rae1 Rae7 24. Rxe7 Qxe7 25. Qd3 $16 {Now we see the
dark side of b6, the a6P is weak, not mentioning d6 and h4.} Nf6 (25... a5 26.
Bb5 Rf8 27. Bc6 $16) 26. Bg5 h3 27. gxh3 Qf7 28. Rg1 Kh8 29. Bxa6 Bxa6 30. Qxa6
$18 Nh7 31. Bd2 Bd4 32. Rg2 Nf6 33. Qc4 Rg8 34. Rg3 Kh7 35. Ne2 Be5 36. Qh4+
Qh5 37. Qxh5+ Nxh5 38. Rxg8 Kxg8 39. b3 Nf6 40. f4 Bd4 41. Ng3 Kf7 42. Nxf5 Ne4
43. Be1 Kg6 44. Ne7+ Kf6 45. Bh4+ Kf7 46. Nc8 c4 47. bxc4 Ke8 48. Kg2 Kd7 49.
Na7 Nd2 50. Bf2 1-0